header

More stately mansions (Record no. 4506)

MARC details
000 -LEADER
fixed length control field 01232nam a2200325Ia 4500
082 04 - DEWEY DECIMAL CLASSIFICATION NUMBER
Classification number 812/.52
100 1# - MAIN ENTRY--AUTHOR NAME
Personal name O'Neill, Eugene,
245 10 - TITLE STATEMENT
Title More stately mansions
250 ## - EDITION STATEMENT
Edition statement The unexpurgated ed.
260 ## - PUBLICATION, DISTRIBUTION, ETC. (IMPRINT)
Place of publication New York :
Name of publisher Oxford University Press,
Year of publication 1988.
300 ## - PHYSICAL DESCRIPTION
Number of Pages viii, 313 p. :
Other physical details ill.
650 #0 - SUBJECT ADDED ENTRY--TOPICAL TERM
Topical Term American drama
700 1# - ADDED ENTRY--PERSONAL NAME
Personal name Bower, Martha Gilman.
856 40 - ELECTRONIC LOCATION AND ACCESS
Uniform Resource Identifier http://site.ebrary.com/lib/rucke/Doc?id=10279463

No items available.

© 2026 Rongo University
Contact us: librarian | system librarian | Rongo university